01209nas a2200277Ia 4500001002800000003001000028008004100038040002500079041001300104100002000117210001600137222001600153245002400169250001100193260000900204501012300213300001500336362003100351500025800382650003300640700001100673942000700684957000600691999003300697952020100730A50/R028-19830 [r000018980]IT-MiCISF161014c99999999xx |||||||||||| ||und|| aIT-MiCISFcIT-MiCISF aITALIANO aCattaneo Mario  aLa famiglia aLa famiglia 0aOltre il referendum a1a ed. c1974 bCISF - Centro Internazionale Studi Famiglia - Via Giotto, 36 20145 MILANO (non commercial uses only)cCopyright 2016 app. 99-145 an. 44, marzo-aprile [1974] aBachelet V., Campanini G., Cotta S., Crespi F., Fagiolo V., Falcucci F., Goffi T., Gozzini M., Macchi A., Moro A.C., Morra G., Orfei R., Peretti M., Riva A., Tettamanzi D., Visintainer S. Tema: divorzio, legislazione, matrimonio, indissolubilità€, fede aFAMIGLIA - divorziovdossier aAA.VV. cCR 71 a19830bSig1c242239d242239 0010406A_50_000000000000000_R02819830_R00001898071aCISFbCISFd2016-10-14l0oA50/R028-19830 [r000018980]r2016-10-14 00:00:00w2016-10-14yCRzData import 15.10.2016 / by Epidotti, Vaglietti